header

Guide to the LEED AP building design and construction (ID + C) exam (Record no. 239622)

MARC details
000 -LEADER
fixed length control field 01245nam a2200301Ia 4500
082 04 - DEWEY DECIMAL CLASSIFICATION NUMBER
Classification number 690.028/6
100 1# - MAIN ENTRY--AUTHOR NAME
Personal name Cottrell, Michelle.
245 10 - TITLE STATEMENT
Title Guide to the LEED AP building design and construction (ID + C) exam
260 ## - PUBLICATION, DISTRIBUTION, ETC. (IMPRINT)
Place of publication Hoboken, NJ :
Name of publisher Wiley,
Year of publication c2012.
300 ## - PHYSICAL DESCRIPTION
Number of Pages xiv, 304 p. :
Other physical details ill.
500 ## - GENERAL NOTE
General note Includes index.
650 #0 - SUBJECT ADDED ENTRY--TOPICAL TERM
Topical Term Leadership in Energy and Environmental Design Green Building Rating System
Topical Term Sustainable construction
856 40 - ELECTRONIC LOCATION AND ACCESS
Uniform Resource Identifier http://site.ebrary.com/lib/rucke/Doc?id=10524030

No items available.

© 2026 Rongo University
Contact us: librarian | system librarian | Rongo university